<?xml version="1.0" encoding="UTF-8"?>
<marc:record xmlns:marc="http://www.loc.gov/MARC21/slim">
   <marc:leader>00000nam a2200000 a 4500</marc:leader>
   <marc:datafield ind1="1" ind2=" " tag="100">
      <marc:subfield code="a">Kern, Doris</marc:subfield>
      <marc:subfield code="4">aut</marc:subfield>
      <marc:subfield code="e">Verfasser/-in</marc:subfield>
   </marc:datafield>
   <marc:datafield ind1="0" ind2="0" tag="245">
      <marc:subfield code="a">Natürlich sauber</marc:subfield>
   </marc:datafield>
   <marc:datafield ind1="0" ind2="0" tag="245">
      <marc:subfield code="b">Von der Asche bis zur Zitrone: Putzmittel einfach selber machen</marc:subfield>
   </marc:datafield>
   <marc:datafield ind1="0" ind2="0" tag="245">
      <marc:subfield code="c">Kern, Doris</marc:subfield>
   </marc:datafield>
   <marc:datafield ind1=" " ind2="1" tag="264">
      <marc:subfield code="a">Elsbethen</marc:subfield>
      <marc:subfield code="b">Servus</marc:subfield>
      <marc:subfield code="c">2024</marc:subfield>
   </marc:datafield>
   <marc:datafield ind1=" " ind2=" " tag="250">
      <marc:subfield code="a">1. Auflage</marc:subfield>
   </marc:datafield>
   <marc:datafield ind1="1" ind2=" " tag="520">
      <marc:subfield code="a">Umweltfreundliche Reinigungsmittel: DIY-Ideen für ein gepflegtes und gemütliches Zuhause 



Welche Vorteile hat es, seine Putzmittel selbst herzustellen? Kräuterpädagogin Doris Kern hat viele Argumente dafür: Weniger Umweltbelastung, mehr Selbstwirksamkeit, weniger Kosten. Außerdem können die selbst hergestellten Produkte den eigenen Bedürfnissen angepasst werden. Die Autorin verrät den Lesern nicht nur ihre erprobten Rezepte für alles rund um Küche, Bad und Wäsche, sondern hat auch jede Menge praktische Tipps &amp; Tricks auf Lager, wie mit kleinen Mitteln im Haushalt große Wirkung erzielt werden kann.



- Mit den Kräften der Natur: DIY-Ideen für einen rundum natürlich sauberen Haushalt

- Putzmittel ohne Plastik: umweltfreundliche Alternativen zu herkömmlichen Reinigungsmitteln

- Asche, Essig, Efeu und mehr: Inhaltsstoffe für mehr Nachhaltigkeit im Alltag beim Putzen und Waschen

- Allzweckreiniger selber machen: Rezepte, Tipps &amp; Tricks für Küche, Bad und Wäsche

- Durchgängig bebildert mit wunderschönen Illustrationen und Fotos



Duftende Wäsche und blitzblanke Küche: Kräuterpädagogin Doris Kern zeigt Ihnen wie!



Herkömmliche Reinigungsmittel beinhalten oft aggressive Chemikalien, die Gesundheit und Umwelt belasten können. Die Autorin Doris Kern kennt natürliche und umweltschonende Alternativen: Mit den Anleitungen in diesem Do-it-yourself-Buch stellen Sie Ihre eigenen Reinigungsmittel oder Waschpulver her. Ob Badreiniger oder Spülmittel, Glasreiniger oder Handspülmittel – hier finden Sie für jeden Anwendungsbereich die richtigen Rezepte. Und wer es gerne kreativ mag: Variationen nach eigenem Gusto sind bei allen Rezepten möglich!

Mit den Haushaltstipps in diesem Buch wird Ihr Zuhause zur gesunden Wohlfühloase!</marc:subfield>
   </marc:datafield>
   <marc:datafield ind1=" " ind2=" " tag="020">
      <marc:subfield code="a">9783710403224</marc:subfield>
      <marc:subfield code="9">9783710403224</marc:subfield>
   </marc:datafield>
   <marc:datafield ind1=" " ind2=" " tag="020">
      <marc:subfield code="a">3710403227</marc:subfield>
      <marc:subfield code="9">3710403227</marc:subfield>
   </marc:datafield>
   <marc:datafield ind1=" " ind2=" " tag="041">
      <marc:subfield code="a">ger</marc:subfield>
   </marc:datafield>
   <marc:datafield ind1=" " ind2=" " tag="300">
      <marc:subfield code="b">mit zahlreichen farbigen Abbildungen</marc:subfield>
   </marc:datafield>
   <marc:datafield ind1=" " ind2=" " tag="338">
      <marc:subfield code="a">Band</marc:subfield>
   </marc:datafield>
   <marc:datafield ind1=" " ind2=" " tag="300">
      <marc:subfield code="a">128 Seiten</marc:subfield>
   </marc:datafield>
</marc:record>
